01307nam a2200325 i 4500001001000000003000900010005001700019007000300036008004100039040003000080041000800110082003100118110003200149240002800181245012100209246005800330264006300388300002800451336002700479337003500506338002800541590002600569650005000595650005700645710006800702910003700770942001400807952014300821999001700964000041892DO-SdBNP20250710125610.0ta131021s2007 dr 000 0 spa d aDO-SdBNPbspacBNPHUerda aspa 4a344.729301bR426c 20072221 aRepública Dominicana944710a[Leyes, decretos, etc.]10aCódigo de trabajo de la República Dominicana :bley 16-92 y reglamento para su aplicación (incluye ley 97-97).14aCódigo de trabajo y reglamento para su aplicación aSanto Domingo :bSecretaría de Estado de Trabajo,c2007. a191 páginas ;c21 cm. atextobtxt2rdacontent asin mediación bn2rdamedia  avolumenbnc2rdacarrier aInventariado, 2018/VM 4aDerecho laboralzRepública Dominicana97337 4aLegislación laboralzRepública Dominicana9117331 aRepública Dominicana.bSecretaría de Estado de trabajo9491 aValidado. Control de calidad MFF 2ddccLBS1 00102ddc51708PDaBNPHUbBNPHUcHDd2013-10-21l0oBNPHU PD 344.729301 R426c 2007p41892-10r2020-06-25w2020-06-25yLBS1ZNo se presta c41381d41381